书目信息 |
| 题名: |
多元智力理论与多元智力课程研究
|
|
| 作者: | 霍力岩 著 | |
| 分册: | ||
| 出版信息: | 北京 教育科学出版社 2003 |
|
| 页数: | 232页 | |
| 开本: | 24cm | |
| 丛书名: | 实践中的多元智力理论丛书 | |
| 单 册: | ||
| 中图分类: | G40-013 | |
| 科图分类: | ||
| 主题词: | 智育--教育理论--研究 , 智育 , 教育理论 | |
| 电子资源: | ||
| ISBN: | 7-5041-2418-4 | |
| 000 | 00894oam2 2200265 450 | |
| 001 | 1533289266 | |
| 005 | 20150206091744.21 | |
| 010 | @a7-5041-2418-4@dCNY24.00 | |
| 100 | @a20030114d2003 em y0chiy0110 ea | |
| 101 | 0 | @achi |
| 102 | @aCN@b110000 | |
| 105 | @ay z 000yy | |
| 200 | 1 | @a多元智力理论与多元智力课程研究@9duo yuan zhi li li lun yu duo yuan zhi li ke cheng yan jiu@f霍力岩等著 |
| 210 | @a北京@c教育科学出版社@d2003 | |
| 215 | @a232页@d24cm | |
| 225 | 2 | @a实践中的多元智力理论丛书 |
| 330 | @a本书分为四个章节介绍了多元智力理念产生的背景、基本内容、积极意义,多元智力课程研究的具体内容,多元智力理论与课程引发的思考等问题。 | |
| 461 | 0 | @12001 @a实践中的多元智力理论丛书 |
| 606 | 0 | @a智育@x教育理论@x研究 |
| 606 | 0 | @a智育 |
| 606 | 0 | @a教育理论 |
| 690 | @aG40-013@v5 | |
| 701 | 0 | @a霍力岩@9huo li yan@4著 |
| 801 | 0 | @aCN@bTSSF@c20150206 |
| 905 | @aZUCC@dG40-013@eJY4 | |
| 多元智力理论与多元智力课程研究/霍力岩等著.-北京:教育科学出版社,2003 |
| 232页;24cm.-(实践中的多元智力理论丛书) |
| ISBN 7-5041-2418-4:CNY24.00 |
| 本书分为四个章节介绍了多元智力理念产生的背景、基本内容、积极意义,多元智力课程研究的具体内容,多元智力理论与课程引发的思考等问题。 |
| ● |
| 相关链接 |
|
|
|
|
正题名:多元智力理论与多元智力课程研究
索取号:G40-013/JY4
 
预约/预借
| 序号 | 登录号 | 条形码 | 馆藏地/架位号 | 状态 | 备注 |
| 1 | 7846408 | 278464083 | 学院路分馆/ [索取号:G40-013/JY4] | 在馆 |